Catálogo

MEMORIAS DEL FORO INTERNACIONAL SOBRE LA NO-DISCRIMINACION : (Registro nro. 49486)

Detalles MARC
000 -LEADER
fixed length control field 01317nam a2200229 a 4500
001 - CONTROL NUMBER
control field 49486
003 - CONTROL NUMBER IDENTIFIER
control field Mx-PuUPA
005 - DATE AND TIME OF LATEST TRANSACTION
control field 20190617090815.0
008 - FIXED-LENGTH DATA ELEMENTS--GENERAL INFORMATION
fixed length control field 140415s2005 mx 000 0 spa d
020 ## - INTERNATIONAL STANDARD BOOK NUMBER
International Standard Book Number 9709833278
040 ## - CATALOGING SOURCE
Transcribing agency Mx-PuUPA
041 ## - LANGUAGE CODE
Language code of text/sound track or separate title spa
082 ## - DEWEY DECIMAL CLASSIFICATION NUMBER
Classification number 305
Item number MEM
100 1# - MAIN ENTRY--PERSONAL NAME
Personal name CONSEJO NACIONAL PARA PREVENIR LA DISCRIMINACION (MEXICO)
245 10 - TITLE STATEMENT
Title MEMORIAS DEL FORO INTERNACIONAL SOBRE LA NO-DISCRIMINACION :
Remainder of title LOS DESAFIOS ECONOMICOS, FISCALES Y JUDICIALES DE LA IMPLEMENTACION DE LEYES ANTI-DISCRIMINACION EN LATINOAMERICA Y EL CARIBE
250 ## - EDITION STATEMENT
Edition statement 1a ed.
260 ## - PUBLICATION, DISTRIBUTION, ETC.
Place of publication, distribution, etc. MEXICO :
Name of publisher, distributor, etc. CONSEJO NACIONAL PARA PREVENIR LA DISCRIMINACION,
Date of publication, distribution, etc. 2005
300 ## - PHYSICAL DESCRIPTION
Extent 157
Dimensions 16.7 x 1.7 x 20
520 ## - SUMMARY, ETC.
Summary, etc. TODOS SABEMOS QUE EL PROBLEMA DE LA DISCRIMINACION ES VASTO Y URGENTE, RESULTA MENOS CLARO DETERMINAR COMO DEBE ATACARSELE. LA APRESURADA BUENA VOLUNTAD INDIVIDUAL SE SUELE INCLINAR A PRACTICAS ASISTENCIALES, CUANDO NO A CHISPAZOS DE CORTA VIDA ORIENTADOS A SUBSANAR CASOS AISLADOS, POR CARIDAD O MISERICORDIA. MAS REFLEXIVA MAS DIFICIL, LA CREACION DE ORGANIZACIONES POR LA SOCIEDAD CIVIL HA CUMPLIDO UN PAPEL EXTRAORDINARIO, LEGITIMO E INDISPENSABLE EN LA TAREA DE DISMINUIR LA DISCRIMINA
650 14 - SUBJECT ADDED ENTRY--TOPICAL TERM
Topical term or geographic name entry element DISCRIMINACION
General subdivision AMERICA LATINA
-- CONGRESOS
-- DISCRIMINACION
-- CARIBE
-- CONGRESOS
942 ## - ADDED ENTRY ELEMENTS (KOHA)
Source of classification or shelving scheme Dewey Decimal Classification
Koha item type Libro
Existencias
Withdrawn status Lost status Source of classification or shelving scheme Damaged status Not for loan Collection code Home library Current library Shelving location Date acquired Source of acquisition Inventory number Total Checkouts Full call number Barcode Date last seen Date last checked out Price effective from Koha item type
    Dewey Decimal Classification     General Biblioteca Karol Wojtyla Biblioteca Karol Wojtyla Sala general 03/12/2013 Compra 151000000000000000053886 1 305 MEM 73955 19/03/2020 07/03/2020 03/12/2013 Libro